000 00699nam a2200265Ia 4500
008 160216s9999 xx 000 0 und d
020 _a971-08-6358-4
050 _aFIL PN 4793
050 _b.P45M35 2003 c.1
100 _aMalinao, Alito L.
245 _aJournalism for Filipinos /
245 _cAlito L. Malinao.
250 _a3rd Edition
260 _aMandaluyong:
260 _bNational Book Store,
260 _c2003
300 _a497 pages :
300 _bill. ;
300 _c22 cm.
500 _aIncludes bibliographical references and index.
650 _aJournalism --
650 _aJournalism --
650 _x Philippines.
650 _xPhilippines -- Authorship.
999 _c290983
_d290983